|
|
|
|
| LEADER |
00000nam0a2200000 4500 |
| 001 |
144216 |
| 005 |
20231031143556.0 |
| 010 |
|
|
|a 5750802825
|
| 029 |
1 |
0 |
|a RU
|b 2.1.4.1057-01
|c МУ
|
| 035 |
|
|
|a (RuTPU)RU\TPU\book\156298
|
| 035 |
|
|
|a RU\TPU\book\156290
|
| 090 |
|
|
|a 144216
|
| 100 |
|
|
|a 20080930d2001 k a0rusy50 ca
|
| 101 |
0 |
|
|a rus
|
| 102 |
|
|
|a RU
|
| 105 |
|
|
|a a l 000zy
|
| 200 |
1 |
|
|a Организация внутреннего контроля качества санитарно-микробиологических исследований воды
|a Методические указания МУ 2.1.4.1057-01
|
| 205 |
|
|
|a Изд. офиц.
|
| 210 |
|
|
|a Москва
|c Минздрав России
|d 2001
|
| 215 |
|
|
|a 92 с.
|c ил.
|
| 225 |
1 |
|
|a 2.1.4. Питьевая вода и водоснабжение населенных мест
|
| 225 |
1 |
|
|a Государственное санитарно-эпидемиологическое нормирование Российской Федерации
|
| 229 |
|
|
|a Введен в действие Главным государственным санитарным врачом Российской Федерации 6 июля 2001 г. Введен впервые
|
| 610 |
1 |
|
|a методические указания
|
| 610 |
1 |
|
|a МУ 2.1.4.1057-01
|
| 610 |
1 |
|
|a питьевая вода
|
| 610 |
1 |
|
|a водоснабжение
|
| 610 |
1 |
|
|a населенные места
|
| 610 |
1 |
|
|a организация
|
| 610 |
1 |
|
|a внутренний контроль
|
| 610 |
1 |
|
|a качество
|
| 610 |
1 |
|
|a санитарно-микробиологический контроль
|
| 610 |
1 |
|
|a исследование
|
| 610 |
1 |
|
|a вода
|
| 610 |
1 |
|
|a температурный режим
|
| 610 |
1 |
|
|a стерилизация
|
| 610 |
1 |
|
|a дезинфекция
|
| 675 |
|
|
|a 628(083)
|v 3
|
| 801 |
|
1 |
|a RU
|b 63413507
|c 20080930
|g PSBO
|
| 801 |
|
2 |
|a RU
|b 63413507
|c 20221207
|g PSBO
|
| 942 |
|
|
|c BK
|